[Event "Mallorca-chT Preferente"]
[Site "Mallorca"]
[Date "2021.04.10"]
[Round "5"]
[White "Baldo Company, Jordi"]
[Black "Simonet Ferrer, Jaime"]
[Result "1/2-1/2"]
[WhiteElo "1549"]
[BlackElo "1909"]
[PlyCount "59"]
[EventDate "2021.03.06"]
[EventType "team-swiss"]
[EventRounds "7"]
[EventCountry "ESP"]
[SourceTitle "EXT 2023"]
[Source "ChessBase"]
[SourceDate "2022.10.05"]
[SourceVersion "1"]
[SourceVersionDate "2022.10.05"]
[SourceQuality "1"]
[WhiteTeam "Mestral Palmanyola"]
[BlackTeam "Mallorca Isolani"]
[WhiteTeamCountry "ESP"]
[BlackTeamCountry "ESP"]

1. e4 e5 2. Nf3 Nf6 3. Nxe5 d6 4. Nf3 Nxe4 5. Qe2 Qe7 6. d3 Nf6 7. Bg5 Qxe2+ 8. Bxe2 Be7 9. Nc3 Bg4 10. h3 Bh5 11. 0-0 Nc6 12. Bxf6 Bxf6 13. Nd5 Bd8 14. Nf4 Bg6 15. Nxg6 hxg6 16. c3 Kd7 17. d4 a6 18. Bc4 Rf8 19. h4 Bf6 20. Rfe1 Na5 21. Bd3 b5 22. Be4 c6 23. b3 Rae8 24. Bd3 Rxe1+ 25. Rxe1 Re8 26. Rxe8 Kxe8 27. g4 Kd7 28. g5 Be7 29. Kg2 Ke6 30. Kg3 1/2-1/2

[Event "Mallorca-chT Preferente"]
[Site "Mallorca"]
[Date "2021.03.06"]
[Round "1"]
[White "Baldo Company, Jordi"]
[Black "Fuster Orfila, Xim"]
[Result "0-1"]
[WhiteElo "1549"]
[BlackElo "1935"]
[PlyCount "66"]
[EventDate "2021.03.06"]
[EventType "team-swiss"]
[EventRounds "7"]
[EventCountry "ESP"]
[SourceTitle "EXT 2023"]
[Source "ChessBase"]
[SourceDate "2022.10.05"]
[SourceVersion "1"]
[SourceVersionDate "2022.10.05"]
[SourceQuality "1"]
[WhiteTeam "Mestral Palmanyola"]
[BlackTeam "Son Dameto"]
[WhiteTeamCountry "ESP"]
[BlackTeamCountry "ESP"]

1. e4 e5 2. Nf3 Nc6 3. Bc4 Bc5 4. c3 Nf6 5. d3 d6 6. 0-0 Bb6 7. Be3 0-0 8. Nbd2 Ne7 9. Bxb6 axb6 10. d4 Ng6 11. dxe5 dxe5 12. Qb3 Qe7 13. h3 Nh5 14. Rfd1 Qf6 15. Nf1 Bxh3 16. Ne3 Qf4 17. Nd5 Qxe4 18. Ne7+ Nxe7 19. Bxf7+ Rxf7 20. Qxf7+ Kxf7 21. Ng5+ Ke8 22. Nxe4 Bf5 23. f3 Nf4 24. Kf2 h6 25. g3 Nfg6 26. a3 Nc6 27. Ke3 Be6 28. f4 exf4+ 29. gxf4 Na5 30. Rg1 Nc4+ 31. Kf3 Nh4+ 32. Ke2 Kf7 33. Rh1 Nf5 0-1

[Event "Calvia Amateur op 17th"]
[Site "Calvia"]
[Date "2020.10.16"]
[Round "7"]
[White "Penas Fuster, Jaime"]
[Black "Baldo Company, Jordi"]
[Result "1/2-1/2"]
[WhiteElo "1934"]
[BlackElo "1565"]
[PlyCount "58"]
[EventDate "2020.10.10"]
[EventType "swiss"]
[EventRounds "9"]
[EventCountry "ESP"]
[SourceTitle "CBM 198 Extra"]
[Source "ChessBase"]
[SourceDate "2020.11.30"]
[SourceVersion "1"]
[SourceVersionDate "2020.11.30"]
[SourceQuality "1"]

1. e4 c5 2. Nf3 d6 3. d4 cxd4 4. Nxd4 Nf6 5. Nc3 g6 6. Be2 Bg7 7. Be3 Nc6 8. 0-0 0-0 9. Kh1 Bd7 10. f4 Qc8 11. f5 Ne5 12. Qd2 Nc4 13. Bxc4 Qxc4 14. Rad1 Ng4 15. Bg1 Bh6 16. Qe1 Bg7 17. Qh4 Nf6 18. Rf3 e6 19. fxg6 fxg6 20. Be3 e5 21. Nde2 Bg4 22. Rf2 Nxe4 23. Rxf8+ Rxf8 24. b3 Qc8 25. Nd5 Bf6 26. Nxf6+ Nxf6 27. Rf1 Bxe2 28. Rxf6 Rxf6 29. Qxf6 Qf8 1/2-1/2

[Event "Calvia Amateur op 17th"]
[Site "Calvia"]
[Date "2020.10.12"]
[Round "3"]
[White "Baldo Company, Jordi"]
[Black "Spanton, Timothy"]
[Result "0-1"]
[WhiteElo "1565"]
[BlackElo "1793"]
[PlyCount "68"]
[EventDate "2020.10.10"]
[EventType "swiss"]
[EventRounds "9"]
[EventCountry "ESP"]
[SourceTitle "CBM 198 Extra"]
[Source "ChessBase"]
[SourceDate "2020.11.30"]
[SourceVersion "1"]
[SourceVersionDate "2020.11.30"]
[SourceQuality "1"]

1. e4 c5 2. Nf3 g6 3. d4 cxd4 4. Nxd4 Nc6 5. Nc3 Bg7 6. Be3 Nf6 7. f3 0-0 8. Qd2 d5 9. Nxc6 bxc6 10. exd5 cxd5 11. 0-0-0 Qa5 12. a3 Bb7 13. Nb5 Qxd2+ 14. Rxd2 a5 15. Nc7 Rac8 16. Bb6 Bh6 17. Bxa5 e5 18. Nb5 Bxd2+ 19. Kxd2 Ra8 20. Bb4 Rfd8 21. Be7 Kg7 22. Bxd8 Rxd8 23. Kc1 d4 24. Bd3 Nd5 25. Re1 Ne3 26. Re2 f5 27. c3 e4 28. Nxd4 exd3 29. Rxe3 Kf6 30. h4 f4 31. Re6+ Kf7 32. Kd2 Rxd4 33. cxd4 Kxe6 34. Kxd3 Kd5 0-1

[Event "Mallorca-chT Preferente"]
[Site "Palma de Mallorca"]
[Date "2020.02.01"]
[Round "1.6"]
[White "Gallardo Pina, Neus"]
[Black "Baldo Company, Jordi"]
[Result "0-1"]
[WhiteElo "1773"]
[BlackElo "1574"]
[PlyCount "66"]
[EventDate "2020.02.01"]
[EventType "team-tourn"]
[EventRounds "9"]
[EventCountry "ESP"]
[SourceTitle "CBM 195 Extra"]
[Source "ChessBase"]
[SourceDate "2020.05.31"]
[SourceVersion "1"]
[SourceVersionDate "2020.05.31"]
[SourceQuality "1"]
[WhiteTeam "Sa Dragonera"]
[BlackTeam "Mestral Palmanyola"]
[WhiteTeamCountry "ESP"]
[BlackTeamCountry "ESP"]

1. f4 d5 2. Nf3 Nf6 3. e3 g6 4. b3 Bg7 5. Bb2 0-0 6. Nc3 c5 7. d4 cxd4 8. Nxd4 Nc6 9. Bb5 Nxd4 10. exd4 Bd7 11. Be2 Rc8 12. 0-0 a6 13. Bf3 Qa5 14. Qe1 e6 15. Rf2 Qc7 16. Qe5 Ne8 17. Qe3 Nd6 18. g4 Nb5 19. Nxb5 Bxb5 20. Re1 Bd7 21. h4 Bf6 22. Rh2 Qd8 23. h5 g5 24. Bc1 h6 25. Qd3 Bb5 26. Qe3 Qa5 27. a4 Rc3 28. Qf2 Rxf3 29. Qd2 Qxd2 30. Bxd2 Bxd4+ 31. Kg2 Rf2+ 32. Kg3 Rxh2 33. Kxh2 Bd7 0-1

[Event "Campos Migjorn op"]
[Site "Campos"]
[Date "2019.09.27"]
[Round "7"]
[White "Garcia Feore, Monica"]
[Black "Baldo Company, Jordi"]
[Result "0-1"]
[WhiteElo "1199"]
[BlackElo "1628"]
[PlyCount "42"]
[EventDate "2019.09.06"]
[EventType "swiss"]
[EventRounds "8"]
[EventCountry "ESP"]
[SourceTitle "EXT 2020"]
[Source "ChessBase"]
[SourceDate "2019.10.17"]
[SourceVersion "1"]
[SourceVersionDate "2019.10.17"]
[SourceQuality "1"]

1. e4 c5 2. Nf3 d6 3. d4 cxd4 4. Nxd4 Nf6 5. Nc3 g6 6. Be3 Bg7 7. f3 0-0 8. Qd2 Nc6 9. 0-0-0 Bd7 10. Be2 Rc8 11. Nxc6 bxc6 12. Bxa7 Qa5 13. Qd4 c5 14. Bxc5 Rxc5 15. Qe3 Rfc8 16. Rd3 Bb5 17. Rd4 Bxe2 18. b4 Qa3+ 19. Kb1 Qxc3 20. Qxc3 Rxc3 21. Rd2 Bb5 0-1

[Event "Campos Migjorn op"]
[Site "Campos"]
[Date "2019.09.20"]
[Round "5"]
[White "Dominguez Martinez, Nicolas"]
[Black "Baldo Company, Jordi"]
[Result "0-1"]
[WhiteElo "1240"]
[BlackElo "1628"]
[PlyCount "74"]
[EventDate "2019.09.06"]
[EventType "swiss"]
[EventRounds "8"]
[EventCountry "ESP"]
[SourceTitle "EXT 2020"]
[Source "ChessBase"]
[SourceDate "2019.10.17"]
[SourceVersion "1"]
[SourceVersionDate "2019.10.17"]
[SourceQuality "1"]

1. c4 e5 2. g3 Nf6 3. Bg2 Bc5 4. Nc3 0-0 5. Nf3 d6 6. 0-0 Nc6 7. e3 Bg4 8. h3 Be6 9. d4 Bxc4 10. dxc5 Bxf1 11. Kxf1 d5 12. Ne2 e4 13. Nfd4 Ne5 14. Nf4 g5 15. Nfe6 fxe6 16. Nxe6 Qe7 17. Nxf8 Rxf8 18. b4 Nd3 19. Kg1 Nd7 20. f4 Qf6 21. Rb1 N7e5 22. Qf1 Nc4 23. Qe2 Qc3 24. Qd1 c6 25. b5 Nxc1 26. Rxc1 Qxe3+ 27. Kh2 gxf4 28. Qg4+ Kh8 29. Rf1 fxg3+ 30. Qxg3 Qxg3+ 31. Kxg3 Rg8+ 32. Kh2 Rxg2+ 33. Kxg2 Ne3+ 34. Kf2 Nxf1 35. Kxf1 Kg7 36. Ke2 Kf6 37. Ke3 Ke5 0-1

[Event "Santa Margalida Mallorca-ch"]
[Site "Santa Margalida"]
[Date "2016.11.25"]
[Round "5"]
[White "Baldo Company, Jordi"]
[Black "Pulido Sancho, Alfredo"]
[Result "1/2-1/2"]
[WhiteElo "1688"]
[BlackElo "1989"]
[PlyCount "87"]
[EventDate "2016.11.11"]
[EventType "swiss"]
[EventRounds "8"]
[EventCountry "ESP"]
[SourceTitle "EXT 2018"]
[Source "ChessBase"]
[SourceDate "2017.10.13"]
[SourceVersion "1"]
[SourceVersionDate "2017.10.13"]
[SourceQuality "1"]

1. e4 d5 2. exd5 Qxd5 3. Nc3 Qd6 4. Nf3 Nf6 5. g3 Bg4 6. Bg2 Nc6 7. Nb5 Qd7 8. d4 a6 9. Nc3 0-0-0 10. Be3 e5 11. dxe5 Qf5 12. Qe2 Nxe5 13. Nh4 Qe6 14. Nf3 Nxf3+ 15. Bxf3 Bh3 16. Bd2 Qf5 17. 0-0-0 Bc5 18. Be3 Rde8 19. Nd5 Ng4 20. Qc4 Bxe3+ 21. fxe3 c6 22. Nb6+ Kc7 23. Nd5+ Kb8 24. Qf4+ Ne5 25. Be4 Qxf4 26. Nxf4 Bg4 27. Rd4 f5 28. Bg2 g5 29. Nd3 Nf3 30. Bxf3 Bxf3 31. Rf1 Rxe3 32. Rd7 Kc8 33. Rf7 Bg4 34. Nc5 Re2 35. Nxb7 Rxh2 36. Nd6+ Kb8 37. Nxf5 Re8 38. Nd4 c5 39. Nc6+ Kc8 40. Ne7+ Kd7 41. Nd5+ Kc6 42. Nf6 Ree2 43. Nxg4 Rxc2+ 44. Kd1 1/2-1/2

[Event "Mallorca-chC"]
[Site "Palma de Mallorca"]
[Date "2011.12.10"]
[Round "7"]
[White "Poppe Reuchamps, Thierry"]
[Black "Baldo Company, Jordi"]
[Result "1-0"]
[WhiteElo "1759"]
[BlackElo "1749"]
[PlyCount "119"]
[EventDate "2011.10.29"]
[EventType "swiss"]
[EventRounds "8"]
[EventCountry "ESP"]
[SourceTitle "EXT 2017"]
[Source "ChessBase"]
[SourceDate "2016.10.25"]
[SourceVersion "1"]
[SourceVersionDate "2016.10.25"]
[SourceQuality "1"]

1. Nf3 Nf6 2. c4 c6 3. d4 d5 4. Nc3 dxc4 5. e4 b5 6. Bg5 Nbd7 7. Be2 Qc7 8. e5 Nd5 9. 0-0 e6 10. a3 Be7 11. Bxe7 Nxe7 12. Ne4 0-0 13. Nd6 f6 14. a4 bxa4 15. Rxa4 Nb6 16. Ra1 fxe5 17. dxe5 Ng6 18. Nxc4 Nxc4 19. Bxc4 Nxe5 20. Nxe5 Qxe5 21. Rb1 Kh8 22. Re1 Qf4 23. Qe2 e5 24. g3 Qg4 25. Qxg4 Bxg4 26. Rxe5 Rfe8 27. Rbe1 Rxe5 28. Rxe5 Bf3 29. Rf5 Be4 30. Re5 Bf3 31. Re3 Bd5 32. Bxd5 cxd5 33. Rd3 Rd8 34. Kf1 Kg8 35. f4 Kf7 36. Kf2 Ke6 37. g4 Rc8 38. Rd2 Rc4 39. Ke3 g6 40. h4 Kd6 41. Rd3 Rb4 42. b3 a5 43. Kf3 a4 44. bxa4 Rxa4 45. g5 Ra1 46. Kg2 Ra2+ 47. Kg3 Re2 48. Kf3 Re7 49. Kg4 d4 50. Rxd4+ Kc5 51. Rd3 Kc4 52. Rf3 Kd4 53. h5 Ke4 54. Rh3 Rf7 55. hxg6 hxg6 56. Rf3 Rf8 57. Rf1 Rf5 58. Re1+ Kd5 59. Re8 Kd4 60. Re6 1-0

[Event "Mallorca-chC"]
[Site "Palma de Mallorca"]
[Date "2011.11.26"]
[Round "6"]
[White "Baldo Company, Jordi"]
[Black "Fullana Benito, David"]
[Result "1/2-1/2"]
[WhiteElo "1749"]
[BlackElo "1845"]
[PlyCount "91"]
[EventDate "2011.10.29"]
[EventType "swiss"]
[EventRounds "8"]
[EventCountry "ESP"]
[SourceTitle "EXT 2017"]
[Source "ChessBase"]
[SourceDate "2016.10.25"]
[SourceVersion "1"]
[SourceVersionDate "2016.10.25"]
[SourceQuality "1"]

1. e4 e6 2. d4 d5 3. Nd2 c5 4. c3 Nc6 5. Ngf3 cxd4 6. Nxd4 dxe4 7. Nxe4 Qd5 8. Ng3 Nxd4 9. Qxd4 Qxd4 10. cxd4 Bd7 11. Bc4 Rc8 12. Bb3 Bb4+ 13. Bd2 Bxd2+ 14. Kxd2 Nf6 15. Rac1 Ke7 16. f3 Bc6 17. Ke3 h5 18. Ne4 Nd5+ 19. Bxd5 Bxd5 20. Nc3 Bc6 21. b4 b5 22. Rhd1 Rhd8 23. Ne4 f5 24. Nc5 Bd5 25. Rd3 Rc7 26. Ra3 Rdc8 27. Ra6 g5 28. g3 Rb8 29. f4 g4 30. Kd3 Rb6 31. Rxb6 axb6 32. Nb3 Ra7 33. Nd2 Rxa2 34. Rc7+ Kf6 35. Rh7 Kg6 36. Rh8 Ra3+ 37. Kc2 Re3 38. Kd1 Rd3 39. Kc2 Ra3 40. Rg8+ Kh7 41. Rb8 Ra1 42. Rxb6 Rh1 43. Rxb5 Rxh2 44. Rxd5 exd5 45. b5 h4 46. b6 1/2-1/2